000 00492nam a22001937a 4500
003 MPLRDC
005 20220104124216.0
008 210129b ||||| |||| 00| 0 eng d
020 _a7-5348-2643-8
082 _a859.6 GXJD v.2
100 _a王永宽 注解
245 _a三字经.孝经
_c
250 _a一版一刷
260 _a中国
_b中州古籍出版社
_c2006
300 _b73
490 _a国学经典少儿读本
650 _a儿童读物
942 _cBK
_o859.6 GXJD v.2
999 _c17501
_d17491